Ill met by moonlight : echoes of war

Αποθηκεύτηκε σε:
Λεπτομέρειες βιβλιογραφικής εγγραφής
Κύριος συγγραφέας: Moss, W. Stanley (William Stanley), 1921-
Μορφή: Βιβλίο
Γλώσσα:English
Δημοσίευση: Athens : Efstathiadis Group, 1996.
Θέματα:
Ετικέτες: Προσθήκη ετικέτας
Δεν υπάρχουν, Καταχωρήστε ετικέτα πρώτοι!

MARC

LEADER 00000nam a2200000 a 4500
001 1/127384
008 230929s1996####gr | ||| |||| ||eng||
020 |a 9602260459 
040 |a GR-MyUa  |b gre  |c GR-MyUa  |e AACR2 
041 0 |a eng 
082 7 |a 940.53  |2 (23) 
100 1 |a Moss, W. Stanley   |q (William Stanley),   |d 1921- 
245 1 0 |a Ill met by moonlight :   |b echoes of war /   |c W. Stanley Moss.  
260 |a Athens :   |b Efstathiadis Group,   |c 1996.  
300 |a 192 σ. ;   |c 19 εκ.  
500 |a The abduction of general Kreipe.  
650 0 |a World War, 1939-1945  |x Campaigns  |z Greece  |z Crete. 
852 |a INST  |b LESVOS  |e 20230929  |h 940.53 MOS  |p 005100065121  |q 005100065121  |t BK  |y 0 
970 |a Δημάκη  |b Μαρία  |z 29-09-2023